[Event "AUTO-OPEN-1082"]
[Site "http://www.queenalice.com/game.php?id=484663"]
[Date "2008.10.29"]
[Round "2"]
[White "PLDunton"]
[Black "Emmaus92"]
[Result "1-0"]
[WhiteElo "1921"]
[BlackElo "1347"]

1. e4 e6 2. d4 Qh4 3. Nc3 Nc6 4. Nf3 Qg4 5. h3 Qg6 6. a3 Bd6 7. Be3 Na5 8. g4
Ne7 9. Bd3 h6 10. e5 f5 11. exd6 Nec6 12. Qe2 1-0

[Event "AUTO-OPEN-1082"]
[Site "http://www.queenalice.com/game.php?id=484664"]
[Date "2008.10.29"]
[Round "2"]
[White "Emmaus92"]
[Black "PLDunton"]
[Result "0-1"]
[WhiteElo "1345"]
[BlackElo "1923"]

1. e3 e5 2. Qh5 Nc6 3. Bc4 g6 4. Qf3 Nf6 5. Nc3 d6 6. Nh3 Bd7 7. Ng5 Be6 8. Bxe6
fxe6 9. Nxe6 Qe7 10. Nxf8 Qxf8 11. Nb5 O-O-O 0-1

[Event "Let's Play Chess!"]
[Site "http://www.queenalice.com/game.php?id=487095"]
[Date "2008.11.3"]
[Round "-"]
[White "PLDunton"]
[Black "Nille"]
[Result "0-1"]
[WhiteElo "1940"]
[BlackElo "1859"]

1. e4 e5 2. Nf3 d6 3. d4 exd4 4. Qxd4 Nc6 5. Bb5 Bd7 6. Bxc6 Bxc6 7. Nc3 h6 8.
O-O Nf6 9. Bf4 Be7 10. Nd5 O-O 11. c4 Nxd5 12. exd5 Bf6 13. Qd2 Bd7 14. h3 c6
15. dxc6 Bxc6 16. Nd4 d5 17. Nxc6 bxc6 18. cxd5 Qxd5 19. Qxd5 cxd5 20. Rab1 d4
21. b3 Rac8 22. Rfe1 Rc2 23. a4 d3 24. Red1 Rd8 25. Bd2 Re8 26. b4 Re2 27. Be3
d2 28. b5 Bc3 29. Bxa7 Re1+ 30. Kh2 Rxd1 31. Rxd1 Rc1 0-1

[Event "AUTO-OPEN-918"]
[Site "http://www.queenalice.com/game.php?id=511367"]
[Date "2008.12.22"]
[Round "3"]
[White "Markus1234567"]
[Black "PLDunton"]
[Result "1-0"]
[WhiteElo "2032"]
[BlackElo "1919"]

1. e4 e5 2. Bc4 Nf6 3. Nc3 Nc6 4. d3 h6 5. Nf3 Bb4 6. Bd2 d6 7. a3 Ba5 8. O-O
Bg4 9. b4 Bb6 10. Be3 Bxe3 11. fxe3 a6 12. d4 exd4 13. exd4 O-O 14. Qd3 Re8 15.
d5 Bxf3 16. dxc6 Bxe4 17. Nxe4 Rxe4 18. cxb7 Rb8 19. Bxf7+ Kf8 20. Bb3 Re5 21.
Qxa6 Ke7 22. Qc4 d5 23. Qc5+ Qd6 24. Qa7 Qb6+ 25. Qxb6 cxb6 26. Rfe1 Kd6 27. c4
Rxb7 28. Rxe5 Kxe5 29. cxd5 Nxd5 30. Re1+ Kd4 31. Rd1+ Kc3 32. Bxd5 Rd7 33. Kf1
Kc2 34. Bb3+ Kxb3 35. Rxd7 1-0

[Event "AUTO-OPEN-918"]
[Site "http://www.queenalice.com/game.php?id=511368"]
[Date "2008.12.22"]
[Round "3"]
[White "PLDunton"]
[Black "Markus1234567"]
[Result "0-1"]
[WhiteElo "1908"]
[BlackElo "2025"]

1. e4 e5 2. Nf3 Nc6 3. Bc4 Nf6 4. Nc3 Bb4 5. d3 O-O 6. Bd2 a6 7. O-O b5 8. Bb3
Bb7 9. a3 Bc5 10. Bg5 h6 11. Bh4 Be7 12. Re1 Nd4 13. Bxf6 Bxf6 14. Nxd4 exd4 15.
Ne2 c5 16. c3 dxc3 17. Nxc3 Bd4 18. Qf3 Qg5 19. Bd5 Bxc3 20. bxc3 Bxd5 21. exd5
d6 22. c4 Rfe8 23. h3 Re5 24. Re3 Rae8 25. Rae1 b4 26. axb4 cxb4 27. Rxe5 Rxe5
28. Rxe5 Qxe5 29. Qd1 Qe7 30. g3 a5 31. Qa4 Qd8 32. Kf1 f6 33. Kg2 Kf7 34. Qa1
Kf8 35. Qe1 b3 36. Qb1 Qb6 37. Qb2 Qb4 38. Kf3 a4 39. Ke2 a3 40. Qb1 b2 0-1

[Event "Challenge"]
[Site "http://www.queenalice.com/game.php?id=519164"]
[Date "2009.1.8"]
[Round "-"]
[White "PLDunton"]
[Black "HokZ157"]
[Result "0-1"]
[WhiteElo "1895"]
[BlackElo "2074"]

1. e4 Nf6 2. Nc3 c6 3. d4 d5 4. e5 Nfd7 5. Nf3 e6 6. a3 Be7 7. Bd3 O-O 8. Be3 f6
9. Qd2 Qc7 10. Bf4 Qb6 11. Na4 Qd8 12. O-O Rf7 13. c4 fxe5 14. dxe5 Nc5 15. Nxc5
Bxc5 16. b4 Bb6 17. c5 Bc7 18. Qc2 Rxf4 19. Bxh7+ Kf8 20. Qd3 b6 21. Rfe1 Qe7
22. Rac1 Bd7 23. g3 Rxf3 24. Qxf3+ Qf7 25. Qxf7+ Kxf7 26. Re3 g6 27. g4 Be8 28.
Rh3 Bxe5 29. cxb6 axb6 30. Re1 Bf4 31. Rf3 g5 32. h4 Ke7 33. h5 Nd7 34. Bf5 Bf7
35. h6 Kf6 36. Bc2 Rh8 37. h7 Ne5 38. Rh3 Bg6 39. Bxg6 Kxg6 40. a4 Rxh7 41. Rxh7
Kxh7 42. a5 Nf3+ 43. Kf1 Nxe1 44. a6 Bb8 45. Kxe1 Kg6 46. Kd2 Kf6 47. Kd3 Ke5
48. Ke3 d4+ 49. Kd3 b5 50. f3 Ba7 51. Kd2 Kf4 52. Ke2 c5 53. bxc5 Bxc5 54. Kd3
Kxf3 0-1

[Event "AUTO-OPEN-1082"]
[Site "http://www.queenalice.com/game.php?id=522143"]
[Date "2009.1.14"]
[Round "3"]
[White "PLDunton"]
[Black "Caronte"]
[Result "0-1"]
[WhiteElo "1877"]
[BlackElo "2428"]

1. e4 c5 2. Nf3 Nc6 3. d4 cxd4 4. Nxd4 Nf6 5. Nc3 e5 6. Nf3 Bb4 7. Bd2 Bxc3 8.
Bxc3 Nxe4 9. Bxe5 Nxe5 10. Nxe5 Qa5+ 11. c3 Qxe5 12. Be2 O-O 13. O-O Qc5 14. Bf3
d5 15. Qe2 Re8 16. Qd3 Bf5 17. Bxe4 dxe4 18. Qe3 Qxe3 19. fxe3 Be6 20. Rf4 f5
21. b3 Red8 22. c4 Rd3 23. h3 Rxe3 24. Rd1 Kf7 25. Kf2 Rc3 26. Kg1 g5 27. Rff1
Kf6 28. Rd6 Ke5 29. Rfd1 e3 30. Kf1 f4 31. R6d3 Rxd3 32. Rxd3 Rc8 33. Ke1 b5 34.
cxb5 Rc2 35. a4 Rxg2 36. a5 Rg1+ 37. Ke2 Ke4 0-1

[Event "AUTO-OPEN-1082"]
[Site "http://www.queenalice.com/game.php?id=522144"]
[Date "2009.1.14"]
[Round "3"]
[White "Caronte"]
[Black "PLDunton"]
[Result "1-0"]
[WhiteElo "2410"]
[BlackElo "1897"]

1. e4 e5 2. Bc4 Nf6 3. d3 c6 4. Nf3 d5 5. Bb3 Bd6 6. Nc3 Bg4 7. h3 Bh5 8. exd5
cxd5 9. g4 Bg6 10. g5 Nh5 11. Nxd5 Nf4 12. Bxf4 exf4 13. Qe2+ Be7 14. O-O-O Nc6
15. Rde1 Bf5 16. Nxe7 Nxe7 17. Qe5 Qd7 18. Ba4 f6 19. Bxd7+ 1-0

[Event "AUTO-OPEN-1102"]
[Site "http://www.queenalice.com/game.php?id=524081"]
[Date "2009.1.17"]
[Round "2"]
[White "Maffu"]
[Black "PLDunton"]
[Result "1-0"]
[WhiteElo "1774"]
[BlackElo "1942"]

1. e4 e5 2. Nc3 Nf6 3. f4 d5 4. fxe5 Nxe4 5. Nf3 Be7 6. Qe2 Bf5 7. d4 O-O 8. Bd2
Nc6 9. a3 Re8 10. O-O-O f6 11. Qb5 Nf2 12. Qxb7 Qd7 13. Bb5 Rab8 14. Qxc6 Qxc6
15. Bxc6 Red8 16. Bxd5+ Kh8 17. Rhf1 Nxd1 18. Rxd1 fxe5 19. Nxe5 Rf8 20. g4 Bg6
21. Nd7 Rbd8 22. Nxf8 Rxf8 23. Nb5 c6 24. Bxc6 Rc8 25. Nxa7 Rc7 26. d5 Rxa7 27.
c4 Bd6 28. Be3 Re7 29. c5 Be5 30. d6 Bxb2+ 31. Kxb2 Rxe3 32. d7 Re2+ 33. Kc3 1-0

[Event "AUTO-OPEN-1102"]
[Site "http://www.queenalice.com/game.php?id=524082"]
[Date "2009.1.17"]
[Round "2"]
[White "PLDunton"]
[Black "Maffu"]
[Result "1-0"]
[WhiteElo "1932"]
[BlackElo "1784"]

1. e4 e5 2. Nf3 Nc6 3. Bc4 Bc5 4. O-O Nf6 5. Nc3 O-O 6. a3 b5 7. Bb3 Ba6 8. d3
Nd4 9. Bg5 Nxb3 10. cxb3 Re8 11. Nd5 c6 12. Nxf6+ gxf6 13. Bh6 Bf8 14. Bxf8 Rxf8
15. b4 d5 16. Re1 d4 17. Nh4 Bc8 18. Qf3 Re8 19. Qg3+ Kf8 20. Qf3 Ke7 21. Nf5+
Bxf5 22. Qxf5 h6 23. Rac1 Qb6 24. f4 exf4 25. Qxf4 h5 26. e5 fxe5 27. Rxe5+ Kd8
28. Qf6+ Kc7 29. Qxf7+ Kd6 30. Rxe8 Rxe8 31. Qxe8 1-0

[Event "AUTO-OPEN-1091"]
[Site "http://www.queenalice.com/game.php?id=531309"]
[Date "2009.1.29"]
[Round "3"]
[White "PLDunton"]
[Black "Bobtzu"]
[Result "0-1"]
[WhiteElo "1886"]
[BlackElo "2053"]

1. e4 d5 2. exd5 Qxd5 3. Nc3 Qa5 4. d4 c6 5. Nf3 Nf6 6. Bd3 Bf5 7. O-O e6 8. a3
Nbd7 9. b4 Bxb4 10. Ne2 Bxd3 11. Qxd3 Bd6 12. Bd2 Qc7 13. Ng3 Bf4 14. Bxf4 Qxf4
15. c3 O-O 16. Rfe1 Rad8 17. Rab1 b6 18. Ne5 Nxe5 19. Rxe5 Qxe5 20. dxe5 Rxd3
21. exf6 Rxc3 22. fxg7 Kxg7 23. a4 Rd8 24. h3 Ra3 25. Rb4 Rd1+ 26. Kh2 Ra2 27.
Ne4 Rda1 28. f3 Rxa4 29. Rb3 R4a2 30. Rc3 c5 31. Kg3 Rg1 32. Nf2 Re1 0-1

[Event "AUTO-OPEN-1091"]
[Site "http://www.queenalice.com/game.php?id=531310"]
[Date "2009.1.29"]
[Round "3"]
[White "Bobtzu"]
[Black "PLDunton"]
[Result "1-0"]
[WhiteElo "2031"]
[BlackElo "1875"]

1. e4 e5 2. Nf3 Nc6 3. d4 exd4 4. Nxd4 Bc5 5. Be3 d6 6. Nxc6 bxc6 7. Bxc5 dxc5
8. Qxd8+ Kxd8 9. Bc4 f6 10. Nc3 Ne7 11. O-O-O+ Ke8 12. Na4 Bg4 13. f3 Bh5 14.
Nxc5 Bf7 15. Ne6 Rc8 16. Nxg7+ Kf8 17. Bxf7 Kxf7 18. Nh5 Rcd8 19. Rxd8 Rxd8 20.
Rd1 Rd6 21. Ng3 Ke6 22. c4 c5 23. Kc2 Nc6 24. Rxd6+ cxd6 25. a3 Nd4+ 26. Kd3 Ke5
27. Ne2 Nb3 28. f4+ Ke6 29. Kc2 Na5 30. Kc3 f5 31. exf5+ Kxf5 32. b4 Nc6 33. h3
a6 34. b5 axb5 35. cxb5 Nd8 36. Kd3 d5 37. g4+ Ke6 38. a4 Nb7 39. Ng3 Na5 40. g5
Nc4 41. h4 Nb2+ 42. Kc2 Nxa4 43. f5+ Kf7 44. h5 Nb6 45. Ne2 Kg7 46. Nf4 Kf7 47.
Ne6 Nd7 48. h6 Kg8 49. g6 hxg6 50. fxg6 d4 51. h7+ Kh8 52. Ng5 Nf8 53. Nf7+ Kg7
54. h8=Q+ 1-0

[Event "Challenge"]
[Site "http://www.queenalice.com/game.php?id=540502"]
[Date "2009.2.14"]
[Round "-"]
[White "regoshk"]
[Black "PLDunton"]
[Result "1-0"]
[WhiteElo "1500"]
[BlackElo "1877"]

1. d4 d5 2. Nf3 Nf6 3. e3 Bg4 4. Bd3 Nc6 5. h3 Bh5 6. g4 Nxg4 7. hxg4 Bxg4 8.
Be2 e6 9. Ne5 Bxe2 10. Qxe2 Nxe5 11. dxe5 Bc5 12. Qb5+ c6 13. Qxc5 Qd7 14. Nc3
b6 15. Qb4 c5 16. Qg4 f6 17. Rxh7 O-O-O 18. Rxg7 Qc6 19. exf6 Rh1+ 20. Ke2 d4
21. Qe4 Qxe4 22. Nxe4 dxe3 23. f7 1-0

[Event "Challenge"]
[Site "http://www.queenalice.com/game.php?id=540503"]
[Date "2009.2.14"]
[Round "-"]
[White "PLDunton"]
[Black "regoshk"]
[Result "0-1"]
[WhiteElo "1865"]
[BlackElo "2080"]

1. e4 c5 2. Nf3 d6 3. d4 cxd4 4. Nxd4 Nf6 5. Nc3 a6 6. Bg5 e6 7. Be2 Nc6 8. O-O
Be7 9. a3 Qc7 10. Qd2 O-O 11. Nxc6 bxc6 12. b3 d5 13. Bf4 e5 14. Bg3 d4 15. Na4
Nxe4 16. Qd3 Bf5 17. Qd1 Nxg3 18. fxg3 Bd7 19. b4 c5 20. bxc5 Bxa4 21. Bd3 Bc6
22. Re1 f5 23. Qh5 e4 24. Bc4+ Kh8 25. Bf7 Bxc5 26. Bg6 h6 27. Kh1 e3 28. Bxf5
Qe5 29. Qg6 Rxf5 30. Qxc6 Raf8 31. Qxa6 Rh5 32. Qg6 d3 33. cxd3 Qxa1 34. Rxa1 e2
35. h4 Rhf5 36. Rb1 Rf1+ 37. Rxf1 exf1=Q+ 38. Kh2 Qg1+ 39. Kh3 Qh1+ 40. Kg4 Qd1+
41. Kh3 h5 0-1

[Event "AUTO-OPEN-1103"]
[Site "http://www.queenalice.com/game.php?id=561291"]
[Date "2009.3.25"]
[Round "2"]
[White "aknightout"]
[Black "PLDunton"]
[Result "1-0"]
[WhiteElo "1939"]
[BlackElo "1865"]

1. e4 e5 2. Nf3 Nc6 3. g3 Bc5 4. Bg2 d6 5. O-O Nf6 6. d3 Bg4 7. h3 Be6 8. Nbd2
O-O 9. Ng5 Nd4 10. c3 Nc6 11. b4 Bb6 12. Nxe6 fxe6 13. Nc4 Nd7 14. a4 a6 15.
Nxb6 Nxb6 16. Qg4 Qe8 17. h4 Nd7 18. h5 Nf6 19. Qh3 d5 20. exd5 exd5 21. Bg5 Ne7
22. Rae1 Nc6 23. Bxf6 Rxf6 24. Bxd5+ Kh8 25. d4 Nd8 26. Rxe5 Qxa4 27. b5 Qxb5
28. Rfe1 Rf8 29. c4 Qa4 30. Qf5 Nf7 31. Bxf7 Qc6 32. Re6 Qd7 33. R6e5 Qxf5 34.
Rxf5 g6 35. hxg6 hxg6 36. Bxg6 a5 37. Rxf8+ Rxf8 38. Re8 Rxe8 39. Bxe8 c6 40. d5
cxd5 41. cxd5 1-0

[Event "AUTO-OPEN-1103"]
[Site "http://www.queenalice.com/game.php?id=561292"]
[Date "2009.3.25"]
[Round "2"]
[White "PLDunton"]
[Black "aknightout"]
[Result "0-1"]
[WhiteElo "1857"]
[BlackElo "1910"]

1. e4 e5 2. Nf3 d6 3. d4 Nd7 4. Bb5 c6 5. Bc4 Be7 6. dxe5 dxe5 7. O-O Ngf6 8.
Nc3 b5 9. Bb3 Qc7 10. a3 Nc5 11. Re1 Nxb3 12. cxb3 O-O 13. b4 Rd8 14. Qc2 a5 15.
bxa5 Rxa5 16. Bd2 Ra7 17. Rac1 Qd6 18. Rcd1 Qb8 19. Bg5 h6 20. Rxd8+ Bxd8 21.
Bh4 Rd7 22. Bg3 Bc7 23. Nd1 Bb7 24. Qc5 Nxe4 25. Qc2 c5 26. h3 Nxg3 27. fxg3 e4
28. Nd2 Bxg3 29. Re3 Qf4 30. Nf1 Bh2+ 31. Nxh2 Rxd1+ 32. Qxd1 Qxe3+ 33. Kh1 Qd4
34. Qe2 Qd3 35. Qxd3 exd3 36. Nf1 g5 37. Nd2 f5 38. Kg1 h5 39. b3 Kf7 40. Kf2 f4
41. g3 Kf6 42. gxf4 gxf4 43. Ke1 Kg5 44. Nf1 Kh4 45. Kf2 Kxh3 46. Nd2 Bd5 47.
Kf1 Kg3 48. a4 bxa4 49. bxa4 c4 50. Nb1 f3 51. a5 f2 52. a6 Bg2# 0-1

[Event "AUTO-OPEN-1103"]
[Site "http://www.queenalice.com/game.php?id=561295"]
[Date "2009.3.25"]
[Round "2"]
[White "Boeing"]
[Black "PLDunton"]
[Result "1-0"]
[WhiteElo "1911"]
[BlackElo "1852"]

1. e4 e5 2. d4 exd4 3. Qxd4 Nc6 4. Qd1 Nf6 5. Bd3 Bc5 6. Nf3 O-O 7. O-O d6 8. h3
Nd4 9. Nxd4 Bxd4 10. c3 Bb6 11. Bg5 h6 12. Bxf6 Qxf6 13. Nd2 Qg6 14. Qf3 c6 15.
e5 Qe6 16. exd6 Qxd6 17. Nc4 Qd8 18. Rad1 Qg5 19. g4 Bc7 20. Rfe1 h5 21. Ne3
hxg4 22. hxg4 Qh4 23. Kf1 Qg5 24. Ke2 Bd7 25. Rh1 g6 26. Bc4 Rad8 27. Qh3 Kg7
28. f4 Bxf4 29. Rdf1 Rfe8 30. Qh7+ Kf6 31. Qxf7+ Ke5 32. Qg7+ Qf6 33. Qxf6+ Kxf6
34. Rxf4+ Kg7 35. Rf7+ Kg8 36. Rxd7+ 1-0

[Event "AUTO-OPEN-1103"]
[Site "http://www.queenalice.com/game.php?id=561296"]
[Date "2009.3.25"]
[Round "2"]
[White "PLDunton"]
[Black "Boeing"]
[Result "1-0"]
[WhiteElo "1838"]
[BlackElo "1911"]

1. e4 e5 2. Nf3 d6 3. d4 exd4 4. Qxd4 Nc6 5. Bb5 Bd7 6. Bxc6 Bxc6 7. Nc3 h6 8.
O-O Nf6 9. Re1 Be7 10. Nd5 Bxd5 11. exd5 O-O 12. c4 Re8 13. Be3 Nh5 14. Qg4 g6
15. Bxh6 Kh7 16. Bg5 f5 17. Qh4 Bxg5 18. Nxg5+ Kg8 19. Rxe8+ Qxe8 20. Ne6 Qf7
21. Re1 Re8 22. Qd4 c5 23. Qc3 Nf6 24. f3 b6 25. Kf2 a6 26. Ng5 Qg7 27. Re6 Rxe6
28. dxe6 Kf8 29. Qb3 b5 30. cxb5 axb5 31. Qxb5 Qa7 32. a4 c4+ 33. Kf1 Qe3 34.
Qb8+ Kg7 35. Qc7+ Kh6 36. Nf7+ Kh5 37. Qxc4 d5 38. Qe2 Qc1+ 39. Kf2 f4 40. b4
Kh4 41. e7 Ne8 42. g3+ fxg3+ 43. hxg3+ Kh3 44. Ng5+ Qxg5 45. Qf1+ 1-0

[Event "AUTO-OPEN-1102"]
[Site "http://www.queenalice.com/game.php?id=640622"]
[Date "2009.8.22"]
[Round "3"]
[White "PLDunton"]
[Black "Maffu"]
[Result "1-0"]
[WhiteElo "1843"]
[BlackElo "1757"]

1. e4 e5 2. Nf3 Nc6 3. Bc4 Nf6 4. Nc3 Bb4 5. d3 O-O 6. O-O Bxc3 7. bxc3 a6 8.
Bg5 Na5 9. Bb3 Nxb3 10. cxb3 c5 11. Nxe5 d6 12. Nf3 h6 13. Bh4 g5 14. Nxg5 hxg5
15. Bxg5 Bg4 16. f3 Bh5 17. Qd2 Re8 18. Bh4 c4 19. Qg5+ Bg6 20. Qxf6 Qxf6 21.
Bxf6 b5 22. dxc4 bxc4 23. Rfd1 Re6 24. Bh4 Bh5 25. Rd5 Bg6 26. Rd4 cxb3 27. axb3
Rb8 28. b4 Rb6 29. Bf2 Rc6 30. Be1 f6 31. Ra5 f5 32. f4 Rxe4 33. Rxe4 fxe4 34.
Rg5 Kf7 35. h3 Rc4 36. Kh2 e3 37. g3 Bd3 38. Rd5 1-0

[Event "AUTO-OPEN-1102"]
[Site "http://www.queenalice.com/game.php?id=640623"]
[Date "2009.8.22"]
[Round "3"]
[White "Maffu"]
[Black "PLDunton"]
[Result "0-1"]
[WhiteElo "1756"]
[BlackElo "1856"]

1. e4 e5 2. Nf3 Nc6 3. Bb5 a6 4. Ba4 Nf6 5. O-O Be7 6. Re1 b5 7. Bb3 d6 8. c3
O-O 9. d4 Bg4 10. d5 Na5 11. Bc2 c6 12. h3 Bh5 13. dxc6 Nxc6 14. Nbd2 d5 15. Nf1
Ra7 16. Ng3 Bg6 17. Bg5 Rd7 18. Qe2 d4 19. cxd4 exd4 20. Bd3 h6 21. Bf4 Bb4 22.
Rec1 Qb6 23. a3 Be7 24. Rxc6 Qxc6 25. Ne5 Qb7 26. Nxd7 Qxd7 27. Nf5 Bxf5 28.
exf5 Re8 29. Rc1 Bxa3 30. Qd2 Bd6 31. Bxd6 Qxd6 32. Ra1 Nd7 33. f4 Nc5 34. Bc2
Ne4 35. Qe2 Nf6 36. Qd3 Qxf4 37. Rf1 Qe3+ 38. Kh1 Qxd3 39. Bxd3 Re5 40. Ra1 Ne4
41. Kg1 Nc5 42. Bf1 Rxf5 43. Rc1 d3 44. Rd1 Rd5 45. b4 Ne6 46. Rxd3 Nf4 47. Ra3
Rd6 48. g3 Ne6 49. Rc3 g6 50. h4 Kg7 51. Rd3 Rxd3 52. Bxd3 Nd4 53. Kg2 Nc6 54.
Be2 Nxb4 55. Kf3 Kf6 56. Ke4 Ke6 57. Kf4 Kd5 58. Bf3+ Kd4 59. Bb7 f6 60. g4 Nd5+
61. Kf3 a5 62. g5 fxg5 63. hxg5 hxg5 0-1

[Event "AUTO-OPEN-1102"]
[Site "http://www.queenalice.com/game.php?id=640624"]
[Date "2009.8.22"]
[Round "3"]
[White "PLDunton"]
[Black "aknightout"]
[Result "0-1"]
[WhiteElo "1868"]
[BlackElo "1893"]

1. e4 e5 2. Nf3 Nf6 3. Nxe5 d6 4. Nf3 Nxe4 5. d4 g6 6. d5 Qe7 7. Qe2 Bg7 8. c3
O-O 9. Bf4 Re8 10. Qe3 Qd7 11. Be2 Nxc3 12. Ne5 Nxd5 13. Nxd7 Nxe3 14. Bxe3 Bxb2
15. Nxb8 Bxa1 16. Na6 bxa6 17. O-O Bg7 18. Bf3 Rb8 19. Bxa7 Rb2 20. a3 Bf5 0-1

[Event "AUTO-OPEN-1102"]
[Site "http://www.queenalice.com/game.php?id=640625"]
[Date "2009.8.22"]
[Round "3"]
[White "aknightout"]
[Black "PLDunton"]
[Result "1-0"]
[WhiteElo "1878"]
[BlackElo "1836"]

1. e4 e5 2. Nf3 Nc6 3. d3 Nf6 4. g3 h6 5. Bg2 Bc5 6. O-O d5 7. exd5 Nxd5 8. c3
Bg4 9. h3 Bh5 10. Qb3 O-O 11. Nxe5 Nxe5 12. d4 Bxd4 13. cxd4 Nc6 14. Qxd5 Qxd5
15. Bxd5 Nxd4 16. Nc3 c6 17. Bg2 Bg6 18. Be3 Nc2 19. Rad1 Nxe3 20. fxe3 Rfe8 21.
e4 Re5 22. Rd7 b6 23. Rfd1 c5 24. Rb7 Kh7 25. Rdd7 c4 26. Nd5 Bxe4 27. Bxe4+
Rxe4 28. Rxf7 Kg6 29. Nf4+ Kh7 30. Rxg7+ 1-0

[Event "Challenge"]
[Site "http://www.queenalice.com/game.php?id=676054"]
[Date "2009.11.1"]
[Round "-"]
[White "PLDunton"]
[Black "OnlyJoking"]
[Result "0-1"]
[WhiteElo "1853"]
[BlackElo "1831"]

1. e4 e5 2. Nf3 Nc6 3. Bc4 Nf6 4. Nc3 Nxe4 5. Bxf7+ Kxf7 6. Nxe4 d5 7. Neg5+ Kg8
8. d3 h6 9. Nh3 Bxh3 10. gxh3 Qf6 11. Bd2 Bd6 12. Qe2 e4 13. Bc3 d4 14. Nxd4
Nxd4 15. Bxd4 Qxd4 16. O-O-O exd3 17. Rxd3 Qf6 18. Rf3 Qe7 19. Qd3 Rd8 20. Kb1
Bxh2 21. Qg6 Bd6 22. a3 Qe8 23. Qg4 Rd7 24. Re3 Qd8 25. Rg1 b6 26. Qg6 Re7 27.
Qf6 Qf8 28. Qxf8+ Kxf8 29. Rgg3 Rxe3 30. Rxe3 g5 31. c3 a5 32. Kc2 Rh7 33. Kd3
Rd7 34. Kc4 Re7 35. Rxe7 Kxe7 36. b4 axb4 37. axb4 Ke6 38. Kd4 Kf5 39. Ke3 Bf4+
40. Kd3 b5 41. Kd4 c6 42. Kc5 Bd2 43. Kxc6 Bxc3 44. Kxb5 Kf4 45. Kc4 Bxb4 46.
Kxb4 Kf3 0-1